000 00437nam a2200157 a 4500
001 000010419
005 20250204092150.0
008 091007s1977 dr 000 0 spa d
040 _aDO-SdBNP
082 _axxx
_bJ94b
100 1 _aJulia, Julio Jaime
_d1922-1993
_920185
245 1 0 _aBolivar y los poetas dominicanos /
_cJulio Jaime Julia.
260 _aSanto Domingo :
_bTaller,
_c1977.
300 _a63 p. : ;
_c23 cm.
049 _aBNPD
999 _c10178
_d10178